Prismas direito, politicas pb︢licas e mundializaȧo

Bibliographic Details
Format: Unknown
Language:Polish
Published: Brasilia D.F. : UniCEUB,
Subjects:
Online Access:Acceso restringido

MARC

LEADER 00000ny a22000003n 4500
005 20110517135050.0
008 100805s19uu9990bl 000 0 pol d
020 |a 18099602 
035 |a 4968 
040 |a BUS   |d vLex 
090 |c 2034  |d 2034 
245 3 0 |a Prismas  |h [Recurso electrn̤ico]  |b direito, politicas pb︢licas e mundializaȧo  
256 |a Servicio en ln̕ea 
260 |a Brasilia D.F. :  |b UniCEUB, 
310 |a Semestral  
506 1 |a Contenido solo disponible en los productos indicados  |d vLex Global  |d vLex Global (Academic Edition, excluding Law Schools)  |d vLex Global (U.S. Academic Edition, Law Schools)  |d vLex Global (U.S. Academic Edition, excluding Law Schools)  |d vLex Global (Academic Edition, Law Schools) 
650 0 4 |a Derecho  |z Brasil  
740 0 |a vLex Revista (Servicios en ln̕ea) 
843 |a Electrn̤ica. Abierta 
853 |8 1  |i (year)  |j (month)  |k (day) 
856 4 0 |z Acceso restringido  |u http://vlex.com/source/prismas-direito-politicas-publicas-mundializa-ao-4968 
942 |c REV